Widok standardowy
Widok MARC
Pozycja Corporate Name
Liczba rekordów, w których użyto hasła: 1
001 - Numer kontrolny
- control field: 40887
003 - Identyfikator numeru kontrolnego
- control field: NUKAT
005 - Data i czas ostatniej modyfikacji
- control field: 20260429131026.0
008 - Dane kontrolne kodowane (40 znaków)
- fixed length control field: 200717n||azznnbabn |a ana |c
010 ## - Numer kontrolny Biblioteki Kongresu
- numer kontrolny LC: p 2020090627
035 ## - Numer systemowy
- numer systemowy: (PL)a1000000792531
040 ## - Instytucja sporządzająca rekord
- inst. przygot. dane do rek. khw: WA N
- język haseł przedmiotowych/tezaurus: DBN
- inst. wprow. rek. khw: WA N
043 ## - Kod obszaru geograficznego
- ISO code: PL
- ISO code: BE
110 2# - Hasło - nazwa ciała zbiorowego
- nazwa ciała zbior. lub geogr. na pocz.: Dowództwo Okręgu Korpusu Nr IX (Wojsko Polskie ; 1918-1939)
370 ## - Associated place
- Country: Polska
370 ## - Associated place
- Country: Białoruś
370 ## - Associated place
- Residence/HQ: Brześć (Białoruś, obw. brzeski ; okolice)
372 ## - Field of activity
- Field: Bezpieczeństwo i wojskowość
377 ## - Assoc lang
- Lang code: pol
410 2# - Trop zob. - nazwa ciała zbiorowego
- nazwa ciała zbior. lub geogr. na pocz.: Dowództwo OK IX
410 2# - Trop zob. - nazwa ciała zbiorowego
- nazwa ciała zbior. lub geogr. na pocz.: Okręg Korpusu Nr IX.
- nazwa jednostki podrzędnej: Dowództwo
410 2# - Trop zob. - nazwa ciała zbiorowego
- nazwa ciała zbior. lub geogr. na pocz.: DOK IX
670 ## - Źródło informacji
- źródło informacji: Kontrwywiad kresowy / Ryszard Oleszkowicz. - Kraków ; Warszawa, 2020.